[Event "ODJM A 2018"]
[Site "Willingen GER"]
[Date "2018.05.23"]
[Round "5"]
[White "Parvanyan, Alfred"]
[Black "Hofmann, Lorenz"]
[Result "1-0"]
[Termination "normal"]
[Board "14"]
[WhiteElo "2095"]
[BlackElo "1909"]
[PlyCount "65"]
[WhiteFideId "13305832"]
[BlackFideId "12995509"]
[EventCountry "GER"]
[EventRounds "9"]
[EventType "swiss"]
[EventDate "2018.05.19"]

1. d4 d5 2. c4 c6 3. Nf3 Nf6 4. g3 dxc4 5. Bg2 Be6 6. a4 g6 7. Nbd2 Na6 8. a5
Bg7 9. Qa4 O-O 10. O-O Nc7 11. Qc2 Nb5 12. e3 Nd6 13. Ne5 Qc7 14. Ndxc4 Bf5 15.
Qe2 Nxc4 16. Qxc4 Nd7 17. Nxd7 Qxd7 18. a6 Be6 19. Qc5 Rfc8 20. axb7 Qxb7 21.
b4 a6 22. Bd2 Bf8 23. Ra5 Bd7 24. Rfa1 Rcb8 25. Qc4 e6 26. h4 Ra7 27. Rxa6 Rxa6
28. Rxa6 Bxb4 29. Bxb4 Qxb4 30. Qxb4 Rxb4 31. Ra7 Be8 32. Ra8 Kf8 33. Bxc6 1-0

[Event "ODJM A 2018"]
[Site "Willingen GER"]
[Date "2018.05.23"]
[Round "5"]
[White "Grund, Sebastian"]
[Black "Irkilmez, Yakub"]
[Result "0-1"]
[Termination "normal"]
[Board "15"]
[WhiteElo "1892"]
[BlackElo "2108"]
[PlyCount "72"]
[WhiteFideId "12988626"]
[BlackFideId "16204581"]
[EventCountry "GER"]
[EventRounds "9"]
[EventType "swiss"]
[EventDate "2018.05.19"]

1. d4 Nf6 2. Nf3 g6 3. c4 Bg7 4. g3 e6 5. Bg2 d5 6. O-O O-O 7. cxd5 exd5 8. Nc3
c6 9. Ne5 Nbd7 10. Nxd7 Bxd7 11. e3 Bf5 12. b4 a6 13. a4 Re8 14. Ba3 Ne4 15.
Nxe4 dxe4 16. Qc2 h5 17. Rfb1 h4 18. b5 hxg3 19. hxg3 axb5 20. axb5 Bxd4 21.
exd4 e3 22. Qb2 exf2+ 23. Kxf2 Bxb1 24. Rxb1 Rxa3 25. Qxa3 Qxd4+ 26. Kf1 Re6
27. Qb3 Rf6+ 28. Bf3 Qe4 29. Kg2 Rxf3 30. Qxf3 Qxb1 31. bxc6 Qc2+ 32. Kg1 Qc5+
33. Kh2 bxc6 34. Qe4 Qh5+ 35. Kg1 Qd5 36. Qe8+ Kg7 0-1

[Event "ODJM A 2018"]
[Site "Willingen GER"]
[Date "2018.05.23"]
[Round "5"]
[White "Garbuz, Vitaliy"]
[Black "Leser, Stefan"]
[Result "1-0"]
[Termination "normal"]
[Board "16"]
[WhiteElo "2032"]
[BlackElo "1852"]
[PlyCount "65"]
[WhiteFideId "12990710"]
[BlackFideId "12997706"]
[EventCountry "GER"]
[EventRounds "9"]
[EventType "swiss"]
[EventDate "2018.05.19"]

1. e4 e6 2. d4 d5 3. Nd2 Nf6 4. e5 Nfd7 5. f4 c5 6. c3 Nc6 7. Ndf3 Qb6 8. g3
cxd4 9. cxd4 Bb4+ 10. Kf2 g5 11. fxg5 Ndxe5 12. Nxe5 Nxe5 13. Kg2 Nc6 14. Nf3
Bd7 15. Bf4 Bf8 16. b4 Bg7 17. Bd6 Ne7 18. Bc5 Qd8 19. Bd3 b6 20. Bd6 Nc8 21.
Bf4 Qe7 22. b5 Nd6 23. Qe2 Rc8 24. Rac1 O-O 25. Ne5 f6 26. Qh5 Nf5 27. Nxd7
Qxd7 28. g4 fxg5 29. gxf5 exf5 30. Qxg5 Rf6 31. Kf3 Rg6 32. Bxf5 Rxc1 33. Rxc1
1-0

[Event "ODJM A 2018"]
[Site "Willingen GER"]
[Date "2018.05.23"]
[Round "5"]
[White "Oganessjan, Artur"]
[Black "Isler, Benjamin"]
[Result "1-0"]
[Termination "normal"]
[Board "17"]
[WhiteElo "2045"]
[BlackElo "1881"]
[PlyCount "58"]
[WhiteFideId "12986062"]
[BlackFideId "12975478"]
[EventCountry "GER"]
[EventRounds "9"]
[EventType "swiss"]
[EventDate "2018.05.19"]

1. Nf3 g6 2. e3 Bg7 3. c4 f5 4. d4 Nf6 5. Nc3 d6 6. Be2 O-O 7. O-O Nc6 8. b3 e5
9. Bb2 e4 10. Nd2 Ne7 11. d5 c6 12. dxc6 bxc6 13. Qc2 Be6 14. Rfd1 Qc7 15. Rac1
Rac8 16. b4 a5 17. Nb3 d5 18. Nc5 Kf7 19. N3a4 f4 20. Nxe6 Kxe6 21. cxd5+ Nexd5
22. Rxd5 Nxd5 23. Nc5+ Kf7 24. Bxg7 Rfe8 25. Bd4 Re7 26. Nxe4 h6 27. Bh5 Kg8
28. Nf6+ Nxf6 29. Bxf6 Re6 1-0

[Event "ODJM A 2018"]
[Site "Willingen GER"]
[Date "2018.05.23"]
[Round "5"]
[White "Dette, Jan"]
[Black "Hoffmann, Fabian"]
[Result "1/2-1/2"]
[Termination "normal"]
[Board "18"]
[WhiteElo "2097"]
[BlackElo "1893"]
[PlyCount "71"]
[WhiteFideId "12936677"]
[BlackFideId "12964891"]
[EventCountry "GER"]
[EventRounds "9"]
[EventType "swiss"]
[EventDate "2018.05.19"]

1. e4 c6 2. d4 d5 3. Nd2 dxe4 4. Nxe4 Bf5 5. Ng3 Bg6 6. h4 h6 7. Nf3 Nf6 8. h5
Bh7 9. Bd3 Bxd3 10. Qxd3 e6 11. Bd2 Qc7 12. Ne5 Nbd7 13. f4 Bd6 14. O-O Rf8 15.
b4 O-O-O 16. Qe2 Qb6 17. c3 Be7 18. a4 Nxe5 19. fxe5 Nd5 20. a5 Qa6 21. Qxa6
bxa6 22. Ne4 Kd7 23. Rf3 f6 24. exf6 Nxf6 25. Nxf6+ Bxf6 26. Raf1 Ke7 27. Bf4
Rd5 28. Be5 Rdd8 29. R1f2 Bxe5 30. Rxf8 Rxf8 31. Rxf8 Bxd4+ 32. cxd4 Kxf8 33.
Kf2 Ke7 34. Ke3 Kd7 35. Kf4 Ke8 36. Ke5 1/2-1/2

[Event "ODJM A 2018"]
[Site "Willingen GER"]
[Date "2018.05.23"]
[Round "5"]
[White "Wübker, Paul-Luca"]
[Black "Askerov, Imamali"]
[Result "0-1"]
[Termination "normal"]
[Board "19"]
[WhiteElo "2132"]
[BlackElo "1935"]
[PlyCount "50"]
[WhiteFideId "12939528"]
[BlackFideId "12974498"]
[EventCountry "GER"]
[EventRounds "9"]
[EventType "swiss"]
[EventDate "2018.05.19"]

1. d4 Nf6 2. c4 e6 3. Nf3 b6 4. g3 Ba6 5. Qc2 c5 6. Bg2 Bb7 7. e3 Be7 8. O-O
O-O 9. Nc3 d5 10. cxd5 exd5 11. dxc5 Bxc5 12. a3 Nbd7 13. b4 Bd6 14. Bb2 Rc8
15. Qb3 Ba6 16. Rfd1 Bc4 17. Qa4 a6 18. Nd2 Ne5 19. f4 Nd3 20. Nxc4 dxc4 21.
Qc2 Re8 22. e4 Bxf4 23. gxf4 Qd4+ 24. Kf1 Ng4 25. Rxd3 cxd3 0-1

[Event "ODJM A 2018"]
[Site "Willingen GER"]
[Date "2018.05.23"]
[Round "5"]
[White "Melde, Benjamin"]
[Black "Seref, Erdogan"]
[Result "1-0"]
[Termination "normal"]
[Board "20"]
[WhiteElo "2069"]
[BlackElo "1991"]
[PlyCount "57"]
[WhiteFideId "12958816"]
[BlackFideId "16206827"]
[EventCountry "GER"]
[EventRounds "9"]
[EventType "swiss"]
[EventDate "2018.05.19"]

1. c4 e5 2. g3 c6 3. Nf3 e4 4. Nd4 d5 5. cxd5 Qxd5 6. Nc2 Nf6 7. Bg2 Qh5 8. f3
Bc5 9. fxe4 Bh3 10. Bf3 Qg6 11. d4 Bb6 12. Nc3 Ng4 13. Bf4 Nd7 14. Ne3 Nxe3 15.
Bxe3 Ne5 16. Bf2 Ng4 17. Qd3 Rd8 18. Bxg4 Qxg4 19. O-O-O O-O 20. a3 Rfe8 21.
Rhg1 c5 22. e3 Qf3 23. Qc2 cxd4 24. exd4 Bxd4 25. Rxd4 Rxd4 26. Bxd4 Rd8 27.
Qf2 Qh5 28. Nd5 Be6 29. Nf4 1-0

[Event "ODJM A 2018"]
[Site "Willingen GER"]
[Date "2018.05.23"]
[Round "5"]
[White "Stelmaszyk, Nico"]
[Black "Buller, Ian Joshua"]
[Result "1/2-1/2"]
[Termination "normal"]
[Board "21"]
[WhiteElo "1919"]
[BlackElo "1779"]
[PlyCount "81"]
[WhiteFideId "16200462"]
[BlackFideId "12990655"]
[EventCountry "GER"]
[EventRounds "9"]
[EventType "swiss"]
[EventDate "2018.05.19"]

1. e4 c5 2. Nf3 d6 3. c3 Nf6 4. Be2 Bd7 5. d3 Nc6 6. O-O g6 7. Re1 Bg7 8. h3
O-O 9. Bf1 e6 10. Be3 b6 11. Qd2 Qc7 12. Bh6 Rfe8 13. d4 e5 14. d5 Nb8 15. Na3
a6 16. Nh4 Bc8 17. Bxg7 Kxg7 18. Nf5+ Bxf5 19. exf5 Nbd7 20. fxg6 hxg6 21. Re3
b5 22. c4 b4 23. Nb1 a5 24. a4 Rh8 25. Qc2 Nh5 26. Nd2 Ndf6 27. g3 Nh7 28. Rae1
N5f6 29. f4 exf4 30. Re7 Qd8 31. gxf4 Re8 32. Rxe8 Nxe8 33. Nf3 Qd7 34. Kh2
Nef6 35. Bd3 Re8 36. Rg1 Kh8 37. f5 gxf5 38. Bxf5 Qe7 39. Re1 Qf8 40. Rxe8 Qxe8
41. Bxh7 1/2-1/2

[Event "ODJM A 2018"]
[Site "Willingen GER"]
[Date "2018.05.23"]
[Round "5"]
[White "Steffens, Oliver"]
[Black "Hinrichs, Niklas"]
[Result "1/2-1/2"]
[Termination "normal"]
[Board "22"]
[WhiteElo "1944"]
[BlackElo "1976"]
[PlyCount "83"]
[WhiteFideId "12947148"]
[BlackFideId "12942499"]
[EventCountry "GER"]
[EventRounds "9"]
[EventType "swiss"]
[EventDate "2018.05.19"]

1. e4 c5 2. Nf3 d6 3. Bb5+ Nd7 4. d4 cxd4 5. Qxd4 e5 6. Qd3 a6 7. Bxd7+ Bxd7 8.
Nc3 Rc8 9. O-O Be7 10. a4 Nf6 11. Bg5 Be6 12. Rfd1 Rc6 13. a5 O-O 14. Be3 Qc8
15. h3 Nd7 16. Ne1 Nc5 17. Qd2 f5 18. Nd5 Bd8 19. exf5 Bxf5 20. Nb4 Ne4 21.
Qd5+ Kh8 22. Nxc6 bxc6 23. Qb3 Rf6 24. f3 Ng3 25. Ra4 e4 26. Rb4 Bc7 27. Bb6 c5
28. Ra4 Bd7 29. Bxc7 Qxc7 30. Qd5 {(=)} 30... Bc6 31. Qb3 Ne2+ 32. Kf2 Nf4 33.
Kg1 exf3 34. Rxf4 Rxf4 35. Nxf3 Bxf3 36. gxf3 h6 37. Qe3 Qf7 38. Rxd6 Rxf3 39.
Rd8+ Kh7 40. Qe4+ Rf5 41. Rd6 g6 42. Qe2 1/2-1/2

[Event "ODJM A 2018"]
[Site "Willingen GER"]
[Date "2018.05.23"]
[Round "5"]
[White "Schallner, Marc"]
[Black "Grunert, Friedrich"]
[Result "1/2-1/2"]
[Termination "normal"]
[Board "23"]
[WhiteElo "1993"]
[BlackElo "1828"]
[PlyCount "42"]
[WhiteFideId "12971243"]
[BlackFideId "12995592"]
[EventCountry "GER"]
[EventRounds "9"]
[EventType "swiss"]
[EventDate "2018.05.19"]

1. e4 e6 2. b3 d5 3. Bb2 c5 4. exd5 exd5 5. Bb5+ Nc6 6. Qe2+ Qe7 7. Nc3 Nf6 8.
O-O-O Qxe2 9. Ngxe2 Bd7 10. Nf4 d4 11. Rde1+ Kd8 12. Ncd5 Nxd5 13. Nxd5 Bd6 14.
g3 Be6 15. Nf4 Bxf4 16. gxf4 Kc7 17. a3 Rhd8 18. Bd3 g6 19. Rhg1 Ne7 20. Bc4
Nd5 21. Bxd5 Rxd5 1/2-1/2

[Event "ODJM A 2018"]
[Site "Willingen GER"]
[Date "2018.05.23"]
[Round "5"]
[White "Kreutz, Jonas"]
[Black "Reitz, Philipp"]
[Result "1-0"]
[Termination "normal"]
[Board "24"]
[WhiteElo "1861"]
[BlackElo "1975"]
[PlyCount "51"]
[WhiteFideId "12970697"]
[BlackFideId "12973297"]
[EventCountry "GER"]
[EventRounds "9"]
[EventType "swiss"]
[EventDate "2018.05.19"]

1. e4 c5 2. Nf3 e6 3. c4 Nc6 4. Nc3 Nd4 5. e5 d6 6. exd6 Bxd6 7. Nxd4 cxd4 8.
Nb5 Be5 9. Bd3 a6 10. Na3 Nf6 11. O-O h5 12. f4 Bd6 13. Nc2 O-O 14. Kh1 e5 15.
fxe5 Bxe5 16. Bf5 Qc7 17. Bxc8 Raxc8 18. d3 Ng4 19. h3 Bg3 20. hxg4 Qe7 21. g5
f5 22. Qxh5 f4 23. g6 Qh4+ 24. Qxh4 Bxh4 25. Rxf4 Bg3 26. Rf3 1-0

[Event "ODJM A 2018"]
[Site "Willingen GER"]
[Date "2018.05.23"]
[Round "5"]
[White "Weber, Jannis"]
[Black "Möller, Lisa-Marie"]
[Result "1-0"]
[Termination "normal"]
[Board "25"]
[WhiteElo "1871"]
[BlackElo "1865"]
[PlyCount "103"]
[WhiteFideId "12990760"]
[BlackFideId "12959367"]
[EventCountry "GER"]
[EventRounds "9"]
[EventType "swiss"]
[EventDate "2018.05.19"]

1. e4 c5 2. Nf3 e6 3. b3 Nc6 4. Bb2 d6 5. Be2 Nf6 6. e5 dxe5 7. Nxe5 Nxe5 8.
Bxe5 Bd6 9. Bb2 O-O 10. Nc3 a6 11. g4 b5 12. Bf3 Rb8 13. Qe2 Bb7 14. O-O-O Qb6
15. Bxb7 Rxb7 16. g5 Nd5 17. Ne4 Be7 18. Qg4 f5 19. gxf6 Nxf6 20. Qg2 Rd7 21.
Rhg1 Bd8 22. Rde1 Qc7 23. Ng5 Qd6 24. d3 Re8 25. Qh3 h6 26. Rxe6 Rxe6 27. Qxe6+
Qxe6 28. Nxe6 Ne8 29. Nxc5 Rf7 30. Ne4 Nf6 31. Nxf6+ Bxf6 32. Bxf6 Rxf6 33. Rf1
Rf3 34. Kd2 Rh3 35. c4 bxc4 36. bxc4 Rxh2 37. Ke3 Kf7 38. Rb1 Rh3+ 39. Ke2 Rh5
40. Rb7+ Kf8 41. Ke3 Ra5 42. Rb2 g5 43. d4 Ke7 44. d5 Kd7 45. Kd4 h5 46. c5 Kc7
47. d6+ Kc6 48. Rb6+ Kd7 49. Rb7+ Kd8 50. Rg7 Rxa2 51. c6 Rd2+ 52. Kc5 1-0

[Event "ODJM A 2018"]
[Site "Willingen GER"]
[Date "2018.05.23"]
[Round "5"]
[White "Nguyen, Ha Thanh"]
[Black "Muckle, Richard"]
[Result "1/2-1/2"]
[Termination "normal"]
[Board "26"]
[WhiteElo "1882"]
[BlackElo "2014"]
[PlyCount "83"]
[WhiteFideId "12942154"]
[BlackFideId "12942553"]
[EventCountry "GER"]
[EventRounds "9"]
[EventType "swiss"]
[EventDate "2018.05.19"]

1. e4 e6 2. d4 d5 3. Nc3 dxe4 4. Nxe4 Be7 5. Nf3 Nf6 6. Bd3 Bd7 7. Nxf6+ Bxf6
8. c3 Bc6 9. O-O O-O 10. Bf4 Nd7 11. Re1 Re8 12. Bc2 g6 13. a4 a5 14. Bg3 b6
15. Qd3 Rc8 16. Rad1 Qe7 17. Ne5 Bxe5 18. dxe5 Nc5 19. Qc4 Qg5 20. h4 Qh6 21.
Qg4 Rcd8 22. Bf4 Qh5 23. Qh3 Rxd1 24. Rxd1 Qe2 25. Rd2 Qe1+ 26. Kh2 Be4 27. Qe3
Qxe3 28. Bxe3 Bxc2 29. Bxc5 Bxa4 30. Be3 Rc8 31. Bg5 b5 32. Rd8+ Rxd8 33. Bxd8
c5 34. Bxa5 Kf8 35. b4 c4 36. Kg3 Ke7 37. Kf4 h6 38. Bb6 Kd7 39. Ke4 Kc6 40.
Be3 Bc2+ 41. Kd4 h5 42. Bg5 1/2-1/2

[Event "ODJM A 2018"]
[Site "Willingen GER"]
[Date "2018.05.23"]
[Round "5"]
[White "Matthes, Aaron"]
[Black "Schimnatkowski, Lukas"]
[Result "1/2-1/2"]
[Termination "normal"]
[Board "28"]
[WhiteElo "1689"]
[BlackElo "2051"]
[PlyCount "61"]
[WhiteFideId "16227310"]
[BlackFideId "12936723"]
[EventCountry "GER"]
[EventRounds "9"]
[EventType "swiss"]
[EventDate "2018.05.19"]

1. d4 Nf6 2. Nf3 c5 3. g3 b6 4. Bg2 Bb7 5. O-O cxd4 6. Nxd4 Bxg2 7. Kxg2 Qc8 8.
b3 e6 9. Bb2 Be7 10. c4 a6 11. Nd2 d6 12. Rc1 Nbd7 13. Qc2 Qb7+ 14. Kg1 Rc8 15.
Rfd1 O-O 16. N2f3 b5 17. Qd3 Nc5 18. Qb1 Qb6 19. cxb5 axb5 20. e3 b4 21. a3
Nfe4 22. axb4 Qxb4 23. Rc4 Qb7 24. b4 Na4 25. Rxc8 Rxc8 26. Rd3 d5 27. b5 Bf6
28. Ra3 Nac5 29. Qa2 h6 30. Ra7 Qb6 31. Ra8 1/2-1/2

[Event "ODJM A 2018"]
[Site "Willingen GER"]
[Date "2018.05.23"]
[Round "5"]
[White "Fuhlrott, Tim"]
[Black "Wanner, Lukas"]
[Result "1-0"]
[Termination "normal"]
[Board "29"]
[WhiteElo "1930"]
[BlackElo "2045"]
[PlyCount "91"]
[WhiteFideId "16222431"]
[BlackFideId "12918148"]
[EventCountry "GER"]
[EventRounds "9"]
[EventType "swiss"]
[EventDate "2018.05.19"]

1. c4 c5 2. Nc3 Nc6 3. g3 g5 4. Bg2 Bg7 5. d3 g4 6. e4 d6 7. Nge2 Bd7 8. a3 h5
9. h4 gxh3 10. Bxh3 Bxh3 11. Rxh3 Qd7 12. Rh1 O-O-O 13. Be3 Nf6 14. f3 Ne5 15.
Nf4 Bh6 16. Nfd5 Bxe3 17. Nxe3 Rdg8 18. Kf2 h4 19. g4 Nc6 20. b4 Nd4 21. Ne2
Qe6 22. Nxd4 cxd4 23. Nf5 Qe5 24. Qg1 Nxg4+ 25. fxg4 Qf4+ 26. Ke2 Rxg4 27. Qf2
Qg5 28. Rag1 Rg8 29. Rxg4 Qxg4+ 30. Qf3 Qg5 31. Nxd4 e6 32. Rf1 Rg7 33. Qf4
Qh5+ 34. Kd2 h3 35. Qxd6 Rg2+ 36. Kc3 Qh6 37. Nb5 Qd2+ 38. Kd4 Qb2+ 39. Nc3 Rf2
40. Rg1 Rg2 41. Qf8+ Kc7 42. Qxf7+ Kd8 43. Rf1 e5+ 44. Kd5 Qxc3 45. Qf8+ Kd7
46. Rf7# 1-0

[Event "ODJM A 2018"]
[Site "Willingen GER"]
[Date "2018.05.23"]
[Round "5"]
[White "Brunner, Jan"]
[Black "Schilay, Lorenz"]
[Result "1-0"]
[Termination "normal"]
[Board "30"]
[WhiteElo "2005"]
[BlackElo "1920"]
[PlyCount "93"]
[WhiteFideId "12981010"]
[BlackFideId "12930180"]
[EventCountry "GER"]
[EventRounds "9"]
[EventType "swiss"]
[EventDate "2018.05.19"]

1. d4 Nf6 2. c4 g6 3. g3 d5 4. cxd5 Nxd5 5. Nf3 Bg7 6. Bg2 O-O 7. O-O Na6 8.
Nc3 c5 9. e4 Nxc3 10. bxc3 Bg4 11. Be3 Qa5 12. Qb3 b6 13. e5 cxd4 14. cxd4 Be6
15. Qb2 Bd5 16. a4 Qb4 17. Rfb1 Qxb2 18. Rxb2 Rfc8 19. a5 Rc6 20. Nd2 Bxg2 21.
Kxg2 Nc7 22. axb6 Rxb6 23. Rc2 Nd5 24. Rca2 a6 25. Nc4 Rc6 26. Na5 Rb6 27. Bd2
Rc8 28. Rc1 Rxc1 29. Bxc1 e6 30. Rc2 h5 31. Rc8+ Kh7 32. Nc4 Rb4 33. Bd2 Rb1
34. Ra8 Ra1 35. Nd6 Ra2 36. Ne4 f5 37. Ng5+ Kh6 38. Bf4 Nxf4+ 39. gxf4 a5 40.
Nxe6 a4 41. Rg8 h4 42. h3 Rb2 43. Rxg7 Rb6 44. Re7 a3 45. Ng5 Rb7 46. Rxb7 a2
47. Rh7# 1-0

[Event "ODJM A 2018"]
[Site "Willingen GER"]
[Date "2018.05.23"]
[Round "5"]
[White "Elier, Ali"]
[Black "Gallasch, Robin"]
[Result "1/2-1/2"]
[Termination "normal"]
[Board "31"]
[WhiteElo "1987"]
[BlackElo "1752"]
[PlyCount "40"]
[WhiteFideId "16217543"]
[BlackFideId "16222423"]
[EventCountry "GER"]
[EventRounds "9"]
[EventType "swiss"]
[EventDate "2018.05.19"]

1. e4 c6 2. d4 d5 3. e5 c5 4. dxc5 e6 5. a3 Bxc5 6. b4 Bb6 7. Qg4 Kf8 8. Bd3
Nc6 9. Nf3 f5 10. Qg3 Nge7 11. O-O Ng6 12. h4 Kg8 13. Bg5 Qe8 14. h5 h6 15.
hxg6 hxg5 16. Qxg5 Bd8 17. Qg3 Rh6 18. Re1 Rxg6 19. Qh2 Rh6 20. Qf4 Qh5 1/2-1/2

[Event "ODJM A 2018"]
[Site "Willingen GER"]
[Date "2018.05.23"]
[Round "5"]
[White "Lohr, Maximilian"]
[Black "Englert, Jon"]
[Result "0-1"]
[Termination "normal"]
[Board "32"]
[WhiteElo "1876"]
[BlackElo "2031"]
[PlyCount "110"]
[WhiteFideId "12999717"]
[BlackFideId "12992275"]
[EventCountry "GER"]
[EventRounds "9"]
[EventType "swiss"]
[EventDate "2018.05.19"]

1. e4 c5 2. Nf3 d6 3. d4 cxd4 4. Nxd4 Nf6 5. Nc3 g6 6. Be3 Bg7 7. f3 Nc6 8. Qd2
Bd7 9. g4 h5 10. g5 Nh7 11. h4 Rc8 12. Nxc6 bxc6 13. Bxa7 O-O 14. Bd4 Rb8 15.
Bxg7 Kxg7 16. Bc4 Qb6 17. Bb3 f6 18. gxf6+ Rxf6 19. Rf1 Rbf8 20. f4 Bh3 21.
O-O-O Bxf1 22. Rxf1 e5 23. f5 gxf5 24. exf5 Kh8 25. Qg2 d5 26. Rg1 Qa7 27. Nxd5
Rxf5 28. Nf4 Qe3+ 29. Kd1 Rd8+ 30. Nd3 Ng5 31. Re1 Qf3+ 32. Qxf3 Nxf3 33. Re4
Nd4 34. Ke1 Nxb3 35. axb3 Kg7 36. Ke2 Kf6 37. c4 Rg8 38. b4 Rg4 39. Ke3 Rg3+
40. Ke2 Rg2+ 41. Ke3 Ke6 42. b5 cxb5 43. cxb5 Rg3+ 44. Kd2 Kd5 45. Re3 Rxe3 46.
Kxe3 Rf7 47. Nf2 Rf4 48. Nd3 Rf8 49. Nf2 Rb8 50. Ne4 Ke6 51. Ng3 Rxb5 52. Nxh5
Rb3+ 53. Ke4 Rb4+ 54. Kf3 Rxh4 55. Ng7+ Kf7 0-1

[Event "ODJM A 2018"]
[Site "Willingen GER"]
[Date "2018.05.23"]
[Round "5"]
[White "Pölt, Christoph"]
[Black "Tham, Minh"]
[Result "1-0"]
[Termination "normal"]
[Board "33"]
[WhiteElo "1903"]
[BlackElo "1910"]
[PlyCount "105"]
[WhiteFideId "12960853"]
[BlackFideId "12997323"]
[EventCountry "GER"]
[EventRounds "9"]
[EventType "swiss"]
[EventDate "2018.05.19"]

1. c4 e6 2. g3 d5 3. Bg2 c6 4. Nf3 Nf6 5. d4 Bd6 6. O-O O-O 7. Nbd2 e5 8. cxd5
exd4 9. dxc6 Nxc6 10. Nb3 Be5 11. Nfd2 Qb6 12. Nc4 Qb5 13. Nxe5 Qxe5 14. Bf4
Qe7 15. Nxd4 Nxd4 16. Qxd4 Qxe2 17. Rfe1 Qb5 18. a4 Qb6 19. Qxb6 axb6 20. b4
Be6 21. Bxb7 Ra7 22. Bf3 Nd5 23. Be3 Nxb4 24. Bxb6 Ra6 25. Bc5 Nd3 26. Bxf8
Nxe1 27. Be2 Ra8 28. Bc5 Nc2 29. Rc1 Bb3 30. Bd3 Rc8 31. Bxc2 Rxc5 32. Bxh7+
Kxh7 33. Rxc5 Bxa4 34. h4 Bd1 35. Kg2 f6 36. f4 Kh6 37. Kh3 Be2 38. g4 Bd3 39.
Kg3 Be2 40. Rc8 Kh7 41. Rf8 Bd1 42. f5 Bc2 43. Kf4 Bd3 44. Rd8 Bc2 45. Rd7 Kg8
46. Rc7 Bb1 47. g5 fxg5+ 48. hxg5 Kf8 49. g6 Bc2 50. Kg5 Bb3 51. f6 Be6 52.
Rxg7 Bc4 53. Rb7 1-0

[Event "ODJM A 2018"]
[Site "Willingen GER"]
[Date "2018.05.23"]
[Round "5"]
[White "Gorainow, Nikita"]
[Black "Jurga, Jonas Vincent"]
[Result "1/2-1/2"]
[Termination "normal"]
[Board "35"]
[WhiteElo "1893"]
[BlackElo "1857"]
[PlyCount "40"]
[WhiteFideId "12970093"]
[BlackFideId "12968013"]
[EventCountry "GER"]
[EventRounds "9"]
[EventType "swiss"]
[EventDate "2018.05.19"]

1. e4 e5 2. Nf3 Nc6 3. Nc3 Nf6 4. Bb5 Bb4 5. O-O O-O 6. d3 Bxc3 7. bxc3 d6 8.
Bxc6 bxc6 9. h3 h6 10. Re1 Re8 11. d4 exd4 12. Qxd4 c5 13. Qd3 Bb7 14. Nd2 Qd7
15. Bb2 Qc6 16. f3 Nd7 17. c4 Nf8 18. a4 Ng6 19. Qc3 f6 20. Nf1 Bc8 1/2-1/2

[Event "ODJM A 2018"]
[Site "Willingen GER"]
[Date "2018.05.23"]
[Round "5"]
[White "Zeuner, Ole"]
[Black "Buhr, Patrick"]
[Result "1-0"]
[Termination "normal"]
[Board "36"]
[WhiteElo "1982"]
[BlackElo "1797"]
[PlyCount "81"]
[WhiteFideId "12943576"]
[BlackFideId "16206436"]
[EventCountry "GER"]
[EventRounds "9"]
[EventType "swiss"]
[EventDate "2018.05.19"]

1. e4 Nf6 2. e5 Nd5 3. d4 d6 4. Nf3 Bg4 5. Be2 e6 6. O-O Nc6 7. h3 Bxf3 8. Bxf3
dxe5 9. dxe5 Be7 10. c4 Nb6 11. Bxc6+ bxc6 12. Qg4 g6 13. Qf3 O-O 14. Qxc6 Qd4
15. Qxc7 Bh4 16. Nd2 Rfc8 17. Qb7 Nxc4 18. Nf3 Qd8 19. Qe4 Be7 20. b3 Nb6 21.
Bh6 Nd5 22. Rfd1 Qb6 23. Rac1 Rab8 24. Rc4 Nc3 25. Rxc8+ Rxc8 26. Qc2 Qa6 27.
Qd3 Qxd3 28. Rxd3 Nxa2 29. Rd7 Bf8 30. Bxf8 Kxf8 31. Ng5 a5 32. Rxf7+ Kg8 33.
Ra7 Nc1 34. Rxa5 Nxb3 35. Ra3 Nd2 36. f3 Rc1+ 37. Kf2 Rc2 38. Ra8+ Kg7 39.
Nxe6+ Kh6 40. Nd4 Ne4+ 41. Ke3 1-0

[Event "ODJM A 2018"]
[Site "Willingen GER"]
[Date "2018.05.23"]
[Round "5"]
[White "Langner, Jasper"]
[Black "Müller, Magnus"]
[Result "1-0"]
[Termination "normal"]
[Board "37"]
[WhiteElo "1707"]
[BlackElo "1782"]
[PlyCount "39"]
[WhiteFideId "16202554"]
[BlackFideId "16230060"]
[EventCountry "GER"]
[EventRounds "9"]
[EventType "swiss"]
[EventDate "2018.05.19"]

1. e4 c5 2. Nc3 d6 3. d4 cxd4 4. Qxd4 Nf6 5. b3 a6 6. Bb2 g6 7. O-O-O Nc6 8.
Qd2 Bg7 9. Kb1 O-O 10. f3 b5 11. g4 Be6 12. h3 Qb6 13. Nd5 Bxd5 14. exd5 Na5
15. h4 Rab8 16. h5 Rfc8 17. hxg6 fxg6 18. Nh3 Rc7 19. Nf4 Rf8 20. Ne6 1-0

[Event "ODJM A 2018"]
[Site "Willingen GER"]
[Date "2018.05.23"]
[Round "5"]
[White "von Freymann, Franz"]
[Black "Wachtel, Arthur"]
[Result "0-1"]
[Termination "normal"]
[Board "38"]
[WhiteElo "1809"]
[BlackElo "1932"]
[PlyCount "48"]
[WhiteFideId "12994014"]
[BlackFideId "12988510"]
[EventCountry "GER"]
[EventRounds "9"]
[EventType "swiss"]
[EventDate "2018.05.19"]

1. d4 e6 2. Bf4 Nf6 3. e3 c5 4. c3 Nc6 5. Nf3 Be7 6. h3 b6 7. Nbd2 O-O 8. Bd3
Bb7 9. Qc2 h6 10. g4 Nd5 11. Bg3 Rc8 12. h4 cxd4 13. Ng5 dxe3 14. Bh7+ Kh8 15.
Ndf3 Bc5 16. Bg8 f5 17. gxf5 Kxg8 18. fxe6 exf2+ 19. Kd2 Be3+ 20. Ke2 Ba6+ 21.
c4 Bxc4+ 22. Kd1 Bxg5 23. Qe4 Nc3+ 24. bxc3 dxe6+ 0-1

[Event "ODJM A 2018"]
[Site "Willingen GER"]
[Date "2018.05.23"]
[Round "5"]
[White "Klenk, Sofie"]
[Black "Reucker, Friedrich"]
[Result "1/2-1/2"]
[Termination "normal"]
[Board "39"]
[WhiteElo "1898"]
[BlackElo "1882"]
[PlyCount "44"]
[WhiteFideId "12996653"]
[BlackFideId "12993670"]
[EventCountry "GER"]
[EventRounds "9"]
[EventType "swiss"]
[EventDate "2018.05.19"]

1. c4 c5 2. Nc3 Nc6 3. g3 g6 4. Bg2 Bg7 5. Nf3 Nf6 6. d4 cxd4 7. Nxd4 O-O 8.
O-O Nxd4 9. Qxd4 d6 10. Qd3 a6 11. Bd2 Rb8 12. a4 Bd7 13. Rac1 Bc6 14. e4 Nd7
15. b4 Re8 16. Qe2 Bxc3 17. Bxc3 Bxa4 18. f4 b5 19. e5 Nf8 20. f5 Bb3 21. fxg6
Nxg6 22. cxb5 Qb6+ 1/2-1/2

[Event "ODJM A 2018"]
[Site "Willingen GER"]
[Date "2018.05.23"]
[Round "5"]
[White "Perkampus, Laurin"]
[Black "Petersen, Finn Christopher"]
[Result "0-1"]
[Termination "normal"]
[Board "40"]
[WhiteElo "1628"]
[BlackElo "1821"]
[PlyCount "70"]
[WhiteFideId "16232283"]
[BlackFideId "12964840"]
[EventCountry "GER"]
[EventRounds "9"]
[EventType "swiss"]
[EventDate "2018.05.19"]

1. d4 Nf6 2. Bf4 g6 3. e3 Bg7 4. Nf3 d6 5. h3 O-O 6. Be2 Nbd7 7. O-O c5 8. c3
a6 9. a4 b6 10. Na3 Bb7 11. Bh2 Qc7 12. Rc1 Rad8 13. Qb3 e5 14. Nc4 Ne4 15.
dxe5 dxe5 16. Rfd1 Rfe8 17. Bd3 Re7 18. Bxe4 Bxe4 19. Ng5 Bf5 20. Nxf7 Rxf7 21.
Nd6 c4 22. Qxc4 Qxc4 23. Nxc4 Rdf8 24. Nd6 Re7 25. b4 Nb8 26. c4 Nc6 27. b5
axb5 28. cxb5 Na5 29. Nc4 {(=)} 29... Nb3 30. Rc3 Rc7 31. g4 Be6 32. Rxb3 Rxc4
33. Rd6 Rc1+ 34. Kg2 Bxb3 35. Rxb6 Bxa4 0-1